000 00543nam a22001937a 4500
003 KOHA_MİRAKIL
005 20250417163455.0
008 250417b tu ||||| |||| 00| 0 tur d
020 _a9786057643414
040 _aTR-AnABB
_btur
_cTR-AnABB
041 _atur
082 _a843.914
_bROS 2021
100 1 _aRose, C.D.,
245 1 0 _aHerkes başka biriyken kim kimdir? /
_cC.D. Rose
260 _aİstanbul :
_bNotos Kitap,
_c2021
300 _a239 sayfa ;
_c21 cm
650 0 4 _aYeni Zelanda edebiyatı, roman
942 _2ddc
_cBK
999 _c8763
_d8763
900 _bGizem YORULMAZ